The grapes of wrath
Saved in:
| Main Author: | |
|---|---|
| Format: | Book |
| Language: | English |
| Published: |
New York
Alfred A. Knopf
1993
Toronto |
| Series: | Everyman's library
|
| Subjects: | |
| Tags: |
Add Tag
No Tags, Be the first to tag this record!
|
| Institutions: | Trung tâm Học liệu Lê Vũ Hùng, Trường Đại học Đồng Tháp |
|---|
| LEADER | 00784pam a22002538a 4500 | ||
|---|---|---|---|
| 001 | 00025245 | ||
| 005 | 20171026081023.0 | ||
| 008 | 110801s1993 ||||||engsd | ||
| 041 | 0 | # | |a eng |
| 082 | 1 | 4 | |a 813 |b TH200G |
| 100 | 1 | # | |a Steinbeck, John |d 1902-1968 |
| 245 | 1 | 4 | |a The grapes of wrath |c John Steinbeck |
| 260 | # | # | |a New York |
| 260 | # | # | |a Toronto |b Alfred A. Knopf |c 1993 |
| 300 | # | # | |a xxvii,578 p. |c 21 cm. |
| 490 | # | # | |a Everyman's library |
| 504 | # | # | |a Includes bibliographical references (p. xvii - xxvii) |
| 650 | # | 4 | |a Mỹ |
| 650 | # | 4 | |a Tiểu thuyết |
| 650 | # | 4 | |a Văn học hiện đại |
| 852 | # | # | |b Kho đọc |j KD.0008349 |
| 852 | # | # | |j KD.0008349 |
| 910 | |d 01/08/2011 | ||
| 980 | # | # | |a Trung tâm Học liệu Lê Vũ Hùng, Trường Đại học Đồng Tháp |